| 000 | 00675nam a22002057a 4500 | ||
|---|---|---|---|
| 005 | 20230301083049.0 | ||
| 008 | 230227b mx ||||| |||| 00| 0 spa d | ||
| 050 | 0 | 4 |
_aBD165 _bE65 2007 |
| 245 | 0 | 0 |
_aEpistemología y derecho _c / José Alfonso Bouzas Ortíz,...[et al] |
| 250 | _a1a ed. | ||
| 260 |
_aMéxico : _bUniversidad Nacional Autónoma de México, _c2007 |
||
| 300 |
_a353 p. ; _c21 cm. |
||
| 504 | _aBibliografía : p. 319-346 | ||
| 650 | 4 | _aEpistemología | |
| 650 | 7 | _aTeoría del conocimiento | |
| 700 | 1 |
_aBouzas Ortíz, José Alfonso, _eautor |
|
| 700 | 1 |
_aCirión Lee, Juan José, _eautor |
|
| 700 | 1 |
_aGómez Gallardo, Perla, _eautor |
|
| 942 |
_2lcc _cLIB |
||
| 999 |
_c136992 _d136990 |
||